000 00359nam a2200145Ia 4500
008 240624s9999 xx 000 0 und d
041 _aeng
082 _a658.15224 DOM
100 _aDAMODARAN ASWATH
245 _aCORPORATE FINANCE THEORY AND PRACTICE
250 _a(2nd ed.)
260 _c2004
_aNew York
_bJohn Wiley
300 _axxvi, : 982
365 _cRS
999 _c1127
_d1127